| 000 | 01218nam a2200265Ia 4500 | ||
|---|---|---|---|
| 999 |
_c40544 _d40544 |
||
| 001 | 7155 | ||
| 003 | GE_BSU | ||
| 005 | 20230912123152.0 | ||
| 008 | 181216s2012||||ge |||||||||||||| ||geo|| | ||
| 020 | _a9789941195105 | ||
| 040 | _cGE_BSU | ||
| 041 | _ageo | ||
| 080 | _a821.111-31 დ-47 | ||
| 100 |
_aდიკენსი, ჩარლზ _92265 |
||
| 245 |
_aდევიდ კოპერფილდი : _bრომანი / _cჩარლზ დიკენსი ; ქეთევან ბაქრაძე-ინგოროყვას თარგმანი. |
||
| 264 |
_aთბილისი : _bპალიტრა L, _c2012. |
||
| 300 |
_a556 გვ. ; _c22 სმ. |
||
| 490 |
_a50 წიგნი, რომელიც უნდა წაიკითხო, სანამ ცოცხალი ხარ, 1987-9628მ ; _vწ. 9 |
||
| 541 | _h10ლ. | ||
| 653 | _aდევიდ კოპერფილდი | ||
| 653 | _aრომანი | ||
| 700 |
_aბაქრაძე-ინგოროყვა, ქეთევან _eმთარგმნელი _95595 |
||
| 700 |
_aალუდაური, მაია _eრედაქტორი _92096 |
||
| 942 |
_cBK _2udc |
||